MARC

LEADER 00000nam0a2200000 4500
001 300282
005 20231102001303.0
035 |a (RuTPU)RU\TPU\book\325435 
090 |a 300282 
100 |a 20150708d1982 k y0rusy50 ca 
101 0 |a rus 
102 |a RU 
105 |a a z 111zy 
200 1 |a Интенсификация тепло- и массообменных процессов в химической технологии  |e тезисы докладов Всесоюзной студенческой научной конференции  |f Казанский химико-технологический институт им. С. М. Кирова (КХТИ) ; под ред. Ф. А. Мусташкина 
210 |a Казань  |c Изд-во КХТИ  |d 1982 
215 |a 200 с.  |c ил. 
300 |a 60-летию образования СССР посвящается 
320 |a Библиография в конце статей 
606 1 |a Химическая технология  |x Процессы  |2 stltpush  |3 (RuTPU)RU\TPU\subj\31251  |9 54153 
610 1 |a теплообмен 
610 1 |a массообмен 
610 1 |a интенсификация 
610 1 |a оборудование 
610 1 |a ректификационные установки 
610 1 |a грануляция 
610 1 |a вольтамперометрические измерения 
610 1 |a адсорбционная доочистка 
610 1 |a химические реакторы 
610 1 |a конференции 
610 1 |a Казань 
675 |a 66.021(063)  |v 4 
702 1 |a Мусташкин  |b Ф. А.  |4 340 
712 0 2 |a Казанский химико-технологический институт им. С. М. Кирова (КХТИ)  |c (1935-1992)  |2 stltpush  |3 (RuTPU)RU\TPU\col\3704 
712 1 2 |a Интенсификация тепло- и массообменных процессов в химической технологии  |c конференции  |e Казань  |f 1982 
801 1 |a RU  |b 63413507  |c 20150708 
801 2 |a RU  |b 63413507  |c 20170807  |g RCR 
942 |c BK